Bharathada rajakiya ithihasa: Sindhu nagarikatheyinda sa sha 1206 ra vareghe (Record no. 227249)
[ view plain ]
| 000 -LEADER | |
|---|---|
| fixed length control field | 01567nam a22002777a 4500 |
| 005 - DATE AND TIME OF LATEST TRANSACTION | |
| control field | 20240812115108.0 |
| 008 - FIXED-LENGTH DATA ELEMENTS--GENERAL INFORMATION | |
| fixed length control field | 230421b ||||| |||| 00| 0 eng d |
| 040 ## - CATALOGING SOURCE | |
| Transcribing agency | AL |
| 041 ## - LANGUAGE CODE | |
| Language code of text/sound track or separate title | kannada |
| 082 ## - DEWEY DECIMAL CLASSIFICATION NUMBER | |
| Edition number | 23 |
| Classification number | 954K |
| Item number | SALB |
| 100 ## - MAIN ENTRY--PERSONAL NAME | |
| Personal name | BS Salimata: |
| 100 ## - MAIN ENTRY--PERSONAL NAME | |
| 9 (RLIN) | 176504 |
| 100 ## - MAIN ENTRY--PERSONAL NAME | |
| 9 (RLIN) | 91729 |
| Dates associated with a name | ಬಿ ಎಸ್ ಸಾಲಿಮಠ |
| 245 ## - TITLE STATEMENT | |
| Title | Bharathada rajakiya ithihasa: Sindhu nagarikatheyinda sa sha 1206 ra vareghe |
| Remainder of title | ಭಾರತದ ರಾಜಕೀಯ ಇತಿಹಾಸ: ಸಿಂಧೂ ನಾಗರಿಕೆಯಿಂದ ಸಾ ಶ 1206 ರ ವರೆಗೆ |
| 260 ## - PUBLICATION, DISTRIBUTION, ETC. | |
| Place of publication, distribution, etc. | Kalaburgi |
| Name of publisher, distributor, etc. | SS Bhavikatti Prakashana |
| Date of publication, distribution, etc. | 2022 |
| 300 ## - PHYSICAL DESCRIPTION | |
| Extent | xii,364p. |
| Other physical details | PB |
| Dimensions | 21x14cm. |
| 365 ## - TRADE PRICE | |
| Source of price type code | History |
| Price amount | 300.00 |
| Currency code | ₹ |
| Unit of pricing | 300.00 |
| 520 ## - SUMMARY, ETC. | |
| Summary, etc. | ಘಟಕ-೧ ಹರಪ್ಪ ಮತ್ತು ವೈದಿಕ ನಾಗರೀಕತೆ <br/>ಘಟಕ-೨ ಸಿಂಧೂ -ಗಂಗಾ ನದಿ ಬಯಲಿನಲ್ಲಿ ರಾಜ್ಯದ ರಚನೆ, ಸಾಮಾಜಿಕ, ರಾಜಕೀಯ ಸ್ವರೂಪ <br/>ಘಟಕ-೩ ಭಾರತದ ರಾಜಕೀಯ |
| 650 ## - SUBJECT ADDED ENTRY--TOPICAL TERM | |
| Topical term or geographic name entry element | Jaina Dharma mattu Bauddha Dharma: ಜೈನ ಧರ್ಮ ಮತ್ತು ಬೌದ್ಧಧರ್ಮ |
| 9 (RLIN) | 91513 |
| 650 ## - SUBJECT ADDED ENTRY--TOPICAL TERM | |
| Topical term or geographic name entry element | Political History of India |
| 9 (RLIN) | 91545 |
| 650 ## - SUBJECT ADDED ENTRY--TOPICAL TERM | |
| Topical term or geographic name entry element | Ashokana Shasanagalu: ಅಶೋಕನ ಶಾಸನಗಳು |
| 9 (RLIN) | 91514 |
| 650 ## - SUBJECT ADDED ENTRY--TOPICAL TERM | |
| Topical term or geographic name entry element | Chera Chola mattu Pandyaru: ಚೇರ ಚೋಳ ಮತ್ತು ಪಾಂಡ್ಯರು |
| 9 (RLIN) | 91515 |
| 650 ## - SUBJECT ADDED ENTRY--TOPICAL TERM | |
| Topical term or geographic name entry element | III SEM BA NEP |
| 9 (RLIN) | 91516 |
| 650 ## - SUBJECT ADDED ENTRY--TOPICAL TERM | |
| Topical term or geographic name entry element | DSC-5 |
| 9 (RLIN) | 91517 |
| 700 ## - ADDED ENTRY--PERSONAL NAME | |
| Personal name | SALIMATA (B S): ಸಾಲಿಮಠ ( ಬಿ ಎಸ್) |
| 9 (RLIN) | 91519 |
| 942 ## - ADDED ENTRY ELEMENTS (KOHA) | |
| Source of classification or shelving scheme | Dewey Decimal Classification |
| Koha item type | Donated Books |
| Withdrawn status | Lost status | Source of classification or shelving scheme | Damaged status | Not for loan | Collection code | Home library | Current library | Date acquired | Cost, normal purchase price | Total Checkouts | Full call number | Barcode | Date last seen | Date last checked out | Cost, replacement price | Price effective from | Koha item type | Public note |
|---|---|---|---|---|---|---|---|---|---|---|---|---|---|---|---|---|---|---|
| Dewey Decimal Classification | History | St Aloysius Library | St Aloysius Library | 04/19/2023 | 300.00 | 3 | 954K SALB | D04865 | 11/28/2024 | 11/09/2024 | 300.00 | 04/21/2023 | Donated Books | Donated by SS Bhavikatti Prakashana |